ბათუმის შოთა რუსთაველის სახელმწიფო უნივერსიტეტის ბიბლიოთეკა

უკვდავება. (ბიბ.ჩანაწერი № 42492)

000 -LEADER
fixed length control field 00757nam a2200229Ia 4500
001 - CONTROL NUMBER
control field 9189
003 - CONTROL NUMBER IDENTIFIER
control field GE_BSU
008 - FIXED-LENGTH DATA ELEMENTS--GENERAL INFORMATION
fixed length control field 181216s||||||||xx |||||||||||||| ||und||
040 ## - CATALOGING SOURCE
Transcribing agency GE_BSU
080 ## - UNIVERSAL DECIMAL CLASSIFICATION NUMBER
Universal Decimal Classification number 821.353.1–32
100 ## - MAIN ENTRY--PERSONAL NAME
Personal name ლორთქიფანიძე,კონსტანტინე
245 ## - TITLE STATEMENT
Title უკვდავება.
245 ## - TITLE STATEMENT
Remainder of title მოთხრობები
245 ## - TITLE STATEMENT
Statement of responsibility, etc. რედ.შ.სულაბერიძე,მხატვ.გ.გორდელაძე
260 ## - PUBLICATION, DISTRIBUTION, ETC.
Place of publication, distribution, etc. თბილისი
260 ## - PUBLICATION, DISTRIBUTION, ETC.
Name of publisher, distributor, etc. სახელგამი
260 ## - PUBLICATION, DISTRIBUTION, ETC.
Date of publication, distribution, etc. 1954
300 ## - PHYSICAL DESCRIPTION
Extent 210გვ.1ფ.პორტრ.21სმ.
653 ## - INDEX TERM--UNCONTROLLED
Uncontrolled term მოთხრობები
653 ## - INDEX TERM--UNCONTROLLED
Uncontrolled term უკვდავება.
942 ## - ADDED ENTRY ELEMENTS (KOHA)
Koha item type წიგნი
ეგზემპლარები
Withdrawn status Lost status Damaged status Not for loan Date acquired Barcode Date last seen Price effective from Koha item type Public note
        2018-12-17 32047 2018-12-17 2018-12-17 წიგნი  
        2018-12-17 32048 2018-12-17 2018-12-17 წიგნი  
        2018-12-17 32050 2018-12-17 2018-12-17 წიგნი  
        2018-12-17 32051 2018-12-17 2018-12-17 წიგნი  
        2018-12-17 32052 2018-12-17 2018-12-17 წიგნი  
        2018-12-17 32049 2018-12-17 2018-12-17 წიგნი  
        2018-12-17 22302 2018-12-17 2018-12-17 წიგნი აგრარული ტექ.ფაკ.